Етнокультурні чинники професійного самовизначення особистості (Запис № 570818)

МАРК-запис
000 -Лідер
fixed length control field 03105nam a22002537a 4500
003 - Ідентифікатор контрольного номера
control field UA-OsUOA
005 - Дата та час останнього входження (трансакції)
control field 20210618145919.0
008 - Елементи даних фіксованої довжини – загальна інформація
fixed length control field 210617b un ||||| m||| 00| 0 ukr d
040 ## - Джерело каталогізації
Агенція оригінальної каталогізації UA-OsUOA
Мова каталогізації ukr
Агенція, яка здійснювала перезапис UA-OsUOA
Агенція, яка здійснювала модифікацію UA-OsUOA
041 ## - Код мови
Код мови тексту/ звукової доріжки чи окремого заголовка (П) ukr
080 ## - Індекс Універсальної десяткової класифікації
Індекс Універсальної десяткової класифікації (УДК) (НП) 159.922.8:37.048.4:316.7
090 ## - Локальний шифр розміщення
Класифікаційний індекс УДК 159.922.8:37.048.4:316.7
095 ## - Код спеціальності для авторефератів
Код спеціальності 19.00.07
Назва спеціальності педагогічна та вікова психологія
100 ## - Основне введення – ім’я особи
Ім’я особи (НП) Мотрук Р. В.
245 ## - Відомості про назву
Назва (НП) Етнокультурні чинники професійного самовизначення особистості
Дані про відповідальність (НП) Мотрук Раїса Василівна ; наук. керівник Карпенко Зіновія Степанівна
260 ## - Публікація, розповсюдження і т.п. (Вихідні дані)
Місце публікації, розповсюдження і т.п. (П) Острог
Дата публікації, розповсюдження і т.п. (П) 2013
300 ## - Фізичний опис
Обсяг 20 с.
502 ## - Примітка про дисертацію
Зв'язок Автореферат дисертації на здобуття наукового ступеня кандидата психологічних наук<br/>
Рік отримання вченого ступеня 2013
520 ## - Резюме і т.п.
Резюме, реферат, анотація, тощо (НП) У дисертації обґрунтовано структурно-функціональну модель впливу етнокультурних чинників на детермінацію професійного самовизначення особистості в період зрілої юності.<br/>На основі виокремлених критеріїв, що репрезентують незалежні змінні - соціальну (в тому числі етнічну) й особистісну (в тому числі наративну) - ідентичності з критеріями соціокультурної й інтенціонально-особистісної референтності та їх похідними - диспозиційної й етнокультурної релевантності, з боку першого, та сенсорно-перцептивної модальності й екзистенційно- ціннісної спрямованості, з боку другого критерію, і залежну змінну - професійну ідентичність - з критерієм мотиваційно-професійної релевантності, було доведено тезу про вибірковий характер взаємозв’язку етнокультурних чинників з віковими й індивідуально-типологічними властивостями студентів різних напрямів вищої професійної освіти. Зроблено висновок про зниження впливу етнокультурних чинників на професійне самовизначення молоді прикарпатського регіону в епоху Постмодерну у порівнянні з епохою Модерну столітньої давнини.
650 ## - Додаткове предметне введення – тематичний термін
Джерело заголовка чи терміна UDC
Тематичний термін чи географічна назва, як елемент введення (НП) 159.9 Психологія
942 ## - Додаткові елементи входу (Коха)
Source of classification or shelving scheme Universal Decimal Classification
Тип елемента Koha Автореферат
955 ## - Код типу видання за змістом
Код типу видання за змістом (НП) Наукові видання

Немає доступних примірників.